MyGZULibrary

Contemporary human geography / (Record no. 1091)

MARC details
000 -LEADER
fixed length control field 00941cam a22002774a 4500
001 - CONTROL NUMBER
control field 15576173
003 - CONTROL NUMBER IDENTIFIER
control field GZU
005 - DATE AND TIME OF LATEST TRANSACTION
control field 20200923112306.0
008 - FIXED-LENGTH DATA ELEMENTS--GENERAL INFORMATION
fixed length control field 090106s2010 nyua b 001 0 eng
010 ## - LIBRARY OF CONGRESS CONTROL NUMBER
LC control number 2009000300
020 ## - INTERNATIONAL STANDARD BOOK NUMBER
International Standard Book Number 9780321590039
020 ## - INTERNATIONAL STANDARD BOOK NUMBER
International Standard Book Number 0321590031
040 ## - CATALOGING SOURCE
Original cataloging agency DLC
Transcribing agency DLC
Modifying agency DLC
050 00 - LIBRARY OF CONGRESS CALL NUMBER
Classification number GF41
Item number RUB 2010
082 00 - DEWEY DECIMAL CLASSIFICATION NUMBER
Classification number 304.2
Edition number 22
100 1# - MAIN ENTRY--PERSONAL NAME
Personal name Rubenstein, James M.
245 10 - TITLE STATEMENT
Title Contemporary human geography /
Statement of responsibility, etc. James M. Rubenstein.
250 ## - EDITION STATEMENT
Edition statement 1st ed.
260 ## - PUBLICATION, DISTRIBUTION, ETC.
Place of publication, distribution, etc. New York :
Name of publisher, distributor, etc. Prentice Hall,
Date of publication, distribution, etc. c2010.
300 ## - PHYSICAL DESCRIPTION
Extent xx, 363 p. :
Other physical details col. ill. ;
Dimensions 28 cm.
504 ## - BIBLIOGRAPHY, ETC. NOTE
Bibliography, etc. note Includes bibliographical references and index.
650 #0 - SUBJECT ADDED ENTRY--TOPICAL TERM
Topical term or geographic name entry element Human geography.
906 ## - LOCAL DATA ELEMENT F, LDF (RLIN)
a 7
b cbc
c orignew
d 1
e ecip
f 20
g y-gencatlg
942 ## - ADDED ENTRY ELEMENTS (KOHA)
Source of classification or shelving scheme Library of Congress Classification
Koha item type Books
Classification part 41
Item part RUB
Call number prefix GF
Holdings
Withdrawn status Lost status Damaged status Not for loan Collection code Home library Current library Shelving location Date acquired Total Checkouts Full call number Barcode Date last seen Date last checked out Copy number Price effective from Koha item type
        Non-fiction City Campus Library City Campus Library General Stacks 09/23/2020 3 GF 41 RUB 2010 G22942 06/27/2022 06/18/2022 C.1 09/23/2020 Books
        Non-fiction City Campus Library City Campus Library General Stacks 09/23/2020 1 GF 41 RUB 2010 G22953 07/14/2022 07/11/2022 C.2 09/23/2020 Books